000 00518 a2200181 4500
999 _c2835
_d2835
020 _a9780273752998
050 _aHF5549 MON 1998
100 _aMondy, Wayne R.
_eauthor
245 _aHuman Resource Management /
_cR. Wayne Mondy & Judy Bandy Mondy
250 _a12th ed.
264 _aBoston
_bPearson
_c2012
300 _a456p. :
_bill.
440 _aGlobal Edition
500 _aIncludes index
650 _aPersonnel management.
700 _aMondy, Judy Bandy
_eauthor
942 _2lcc
_cBK
_e12th ed.
_h5549
_iMON
_kHF